00694nam a2200181 i 4500001000700000003000900007005001700016007000300033008004100036100003900077245012100116260004200237300002600279700003400305852003200339999001900371952012200390147214ES-MaACL20230906201902.0t|070924s1961 xxk ||||1| eng d0 aTurner, Frederick Jackson.911172910aFrontier and section / cof Frederich Jackson Turner Selected essays ; with an introduction by Ray Allen Billington. a[s.n.] : bEnglewood Cliffs, c[1961] aX., 171 p. ; c21 cm.1 aBillington, Ray Allen.928891 aES-MaACLjC-34705 bR.66448 c147214d147214 00104070aATENEOMbATENEOMcDEPO2d2008-01-17eSCl0oC-34705p1153631r2023-02-23 00:00:00w2023-02-23yMONOGRAFIA